Sarada/ (Record no. 40607)

000 -LEADER
fixed length control field 00368nam a22001451a 4500
082 ## - DEWEY DECIMAL CLASSIFICATION NUMBER
Classification number M3
Item number CHA/S
100 ## - MAIN ENTRY--AUTHOR NAME
Personal name Chandu Menon O
245 ## - TITLE STATEMENT
Title Sarada/
Statement of responsibility, etc by Chandu Menon O
260 ## - PUBLICATION, DISTRIBUTION, ETC. (IMPRINT)
Place of publication Kottayam:
Name of publisher Sahitya Pravartaka Co-operative Society,
Year of publication 1999.
300 ## - PHYSICAL DESCRIPTION
Number of Pages 166p.
650 ## - SUBJECT ADDED ENTRY--TOPICAL TERM
Topical Term Novel Malayalam
650 ## - SUBJECT ADDED ENTRY--TOPICAL TERM
Topical Term Literature Malayalam
650 ## - SUBJECT ADDED ENTRY--TOPICAL TERM
Topical Term Literature
942 ## - ADDED ENTRY ELEMENTS (KOHA)
Koha item type Book
Holdings
Withdrawn status Lost status Damaged status Not for loan Permanent Location Current Location Date acquired Cost, normal purchase price Full call number Accession Number Cost, replacement price Price effective from Koha item type
        Sree Sankaracharya University of Sanskrit Sree Sankaracharya University of Sanskrit 08.01.2015 50.00 M3 CHA/S 039503 0.00 08.01.2015 Book
        Sree Sankaracharya University of Sanskrit Sree Sankaracharya University of Sanskrit 08.01.2015 50.00 M3 CHA/S 002834 0.00 08.01.2015 Book